000 00746cam a2200265 4500
001 J91430
008 090401t1998 xxu||||| |||| 00| 0 eng d
035 _a(Sirsi) u85909
041 _aeng
050 _a333.33
110 _aFPDSavills
_93625
245 _aResidential research bulletin. - No. 25 (Spring 1998) - No. 28 (Winter 1998)
260 _aLondon
_bFPDSavills
_c1998
300 _a4 pt. ; 30cm.
350 _a0
650 _aHOUSE PRICES
650 _aLONDON
650 _aRESIDENTIAL DEVELOPMENT
650 _aRESIDENTIAL INVESTMENT MARKET
650 _aRESIDENTIAL PROPERTY
_96266
690 _aPROPERTY-RESIDENTIAL PROPERTY-RESIDENTIAL PROPERTY MARKET
710 _aSavills
_92020
942 _n0
948 _c30/04/1998
999 _c97087
_d97087